| 000 | 00344 a2200109 4500 | ||
|---|---|---|---|
| 001 | ART_58765 | ||
| 005 | 20260410161801.0 | ||
| 008 | 260409a | ||
| 245 | 1 | 0 | _aTratamiento de la fundaciones frente al impuesto a las ganancias |
| 100 | 1 | _aSequeira, Marcos A. | |
| 773 | 0 |
_tDoctrina tributaria _g- N° 520 (jul. 2023) _wREV4296 |
|
| 999 |
_c20583 _d20583 |
||